Statistics for How many countries can you name in 5 minutes?

Click here to take the quiz!

General Stats

  • This quiz has been taken 9,598 times
  • The average score is 67 of 196

Answers on the Map

Answers color-coded by a green-red scale on the quiz's map according to % correct below.
 

Answer Stats

Country% Correct
United States
94%
Russia
92%
Canada
91%
United Kingdom
91%
China
89%
France
87%
Mexico
86%
Brazil
85%
Australia
83%
Italy
83%
Spain
82%
India
81%
Germany
80%
Japan
78%
Argentina
74%
Iceland
72%
Portugal
72%
Chile
70%
Ireland
70%
Sweden
69%
Egypt
68%
Finland
67%
Norway
67%
Ukraine
66%
South Africa
65%
South Korea
65%
Denmark
63%
North Korea
63%
Poland
61%
Turkey
61%
New Zealand
59%
Greece
58%
Iran
58%
Peru
57%
Iraq
55%
Niger
55%
Colombia
53%
Mongolia
53%
Pakistan
53%
Madagascar
52%
Austria
50%
Cuba
50%
Indonesia
50%
Morocco
50%
Saudi Arabia
50%
Switzerland
50%
Belgium
49%
Netherlands
49%
Thailand
47%
Nigeria
44%
Uruguay
44%
Vietnam
44%
Afghanistan
43%
Bolivia
43%
Chad
42%
Algeria
41%
Kazakhstan
41%
Venezuela
41%
Yemen
41%
Democratic Republic
of the Congo
40%
Israel
40%
Panama
40%
Romania
40%
United Arab Emirates
40%
Oman
39%
Paraguay
39%
Sudan
39%
Croatia
37%
Hungary
37%
Belarus
36%
Estonia
36%
Latvia
36%
Nepal
36%
Philippines
36%
Ecuador
35%
Jamaica
35%
Republic of the Congo
35%
Albania
34%
Lithuania
34%
Libya
33%
Bulgaria
31%
Dominican Republic
31%
Haiti
31%
Jordan
31%
Kenya
31%
Malaysia
31%
Slovakia
31%
Somalia
31%
Syria
31%
Costa Rica
30%
Czech Republic
30%
Dominica
30%
Ethiopia
30%
Laos
30%
Papua New Guinea
30%
Serbia
30%
Cambodia
29%
Ghana
29%
Qatar
29%
South Sudan
29%
Sri Lanka
29%
Bangladesh
28%
Guatemala
28%
Honduras
27%
Luxembourg
27%
Mali
27%
Slovenia
27%
Taiwan
27%
Vatican City
27%
Bosnia and
Herzegovina
26%
Fiji
26%
Tunisia
26%
Zimbabwe
26%
Bahamas
25%
Myanmar
25%
Singapore
25%
Uzbekistan
25%
Cyprus
24%
Lebanon
24%
Andorra
23%
Armenia
23%
Belize
23%
El Salvador
23%
Angola
22%
Bhutan
22%
Georgia
22%
Guyana
22%
Moldova
22%
Nicaragua
22%
North Macedonia
22%
Malta
21%
Monaco
21%
Zambia
21%
Central African Republic
20%
Guinea
20%
Suriname
20%
Turkmenistan
20%
Azerbaijan
19%
Kosovo
19%
Uganda
19%
Cameroon
18%
Kuwait
18%
Montenegro
18%
Senegal
18%
Botswana
17%
Tanzania
17%
Bahrain
16%
Barbados
16%
Maldives
16%
San Marino
16%
Tajikistan
16%
Togo
16%
Ivory Coast
15%
Kyrgyzstan
15%
Liberia
15%
Liechtenstein
15%
Namibia
15%
Benin
14%
Eritrea
14%
Lesotho
14%
Mozambique
14%
Rwanda
13%
Trinidad and Tobago
13%
Brunei
12%
Djibouti
12%
Gambia
12%
Mauritania
12%
Samoa
12%
Tonga
12%
Eswatini
11%
Gabon
11%
Malawi
11%
Mauritius
11%
Saint Lucia
11%
Antigua and Barbuda
10%
Burkina Faso
10%
Burundi
10%
Cape Verde
10%
Federated States of
Micronesia
10%
Saint Kitts and Nevis
10%
Sierra Leone
10%
East Timor
9%
Grenada
9%
Guinea-Bissau
9%
Kiribati
9%
Palau
9%
Saint Vincent and the
Grenadines
9%
Seychelles
9%
Solomon Islands
9%
Tuvalu
9%
Vanuatu
9%
Comoros
8%
Equatorial Guinea
8%
Marshall Islands
8%
Nauru
8%
São Tomé and Príncipe
6%

Score Distribution

Percentile by Number Answered

Percent of People with Each Score

Your Score History

You have not taken this quiz